| 000 | 01220nam a2200313 c 4500 | ||
|---|---|---|---|
| 999 |
_c342589 _d342589 |
||
| 003 | BLK | ||
| 005 | 20221026100417.0 | ||
| 008 | 180911b bul|||||r ||||||| ||bul|| | ||
| 010 | _a002239 | ||
| 040 | _aBLK | ||
| 041 |
_aBUL _cBUL |
||
| 080 |
_aФренски славист. Почетен член на Българското книжовно дружество(1843-1923) _x92 _z929 Леже, Луи _b929 Леже, Луи |
||
| 080 |
_aАвторство. Литературна дейност и техника. Вкл. Творческо писане. Писане за публикуване. Вж и (0.032); -028.5; 001.81; 002; 070.4; 987.6; 347.78; 655.51; 808.2; 82 _x(44)(092) _z808.1(44)(092) _b808.1 |
||
| 139 | _aСборник в чест и в памет на Луи Леже 1843-1923 | ||
| 245 | 1 | 0 |
_aСборник в чест и в памет на Луи Леже. _b1843 - 1923 _cпод ред. на Б. Цонев и др |
| 260 |
_aСофия _bДърж. печ. _c1925 _f(София : Държ. печ.) |
||
| 300 |
_a1, 338 с. : с ил., 1 л _b портр., 3 л. : ил. _c27 см |
||
| 380 | _a9 | ||
| 490 |
_aЧастна колекция - Академик Михаил Арнаудов _gДарение - Основен фонд |
||
| 500 | _aАвтограф с текст: На Господин Проф. М. Арнаудов. Почит от Редакционния Комитет София 10. IХ. 925. - Михаил Арнаудов: подпис | ||
| 600 | 0 |
_9459542 _aЛеже, Луи |
|
| 650 |
_aБиографии _9148657 |
||
| 655 |
_aЕзикознание _9396452 |
||
| 700 |
_aБ. Цонев _eпод ред. на _9871 |
||
| 700 | 1 |
_a Д. Мишев _9399426 |
|
| 700 | 1 |
_a А. Д. Дзивгов _9399427 |
|
| 852 |
_aМА 2988 _bМА |
||
| 852 |
_aЦб 9.265.997 _bО |
||
| 852 |
_aЦб 83802 _bО |
||
| 856 |
_i0.00 _ldisable |
||
| 942 |
_cKNG _n0 _s1 |
||
| 944 |
_aCR _c1994 |
||
| 999 | _d342589 | ||
| 999 | _d342589 | ||
| 999 | _d342589 | ||
| 999 | _d342589 | ||
| 999 | _d342589 | ||
| 999 | _d342589 | ||